| 000 | 00465nam a2200181Ia 4500 | ||
|---|---|---|---|
| 005 | 20250508150333.0 | ||
| 008 | 008 250505s9999 xx 000 0 hin d | ||
| 037 | _aTextual | ||
| 040 |
_aFEDL _beng _cFEDL |
||
| 041 |
_ahin _2eng |
||
| 084 |
_a157.9, SUR _qFEDL |
||
| 100 |
_aShukr Lalji Ram _9756441 |
||
| 245 | 0 | _aMansik chikitsa | |
| 300 | _a435p. | ||
| 650 | _aAbnormal Psychology | ||
| 942 |
_cTEXL _h157.9, SUR |
||
| 999 |
_c1323074 _d1323074 |
||